Fairy tales. / (Record no. 110032)
[ view plain ]
| 000 -LEADER | |
|---|---|
| fixed length control field | 00396nam a2200157 a 4500 |
| 001 - CONTROL NUMBER | |
| control field | 2715 |
| 005 - DATE AND TIME OF LATEST TRANSACTION | |
| control field | 20140414131848.0 |
| 008 - FIXED-LENGTH DATA ELEMENTS--GENERAL INFORMATION | |
| fixed length control field | 050927s19uu xx 00 eng d |
| 020 ## - INTERNATIONAL STANDARD BOOK NUMBER | |
| International Standard Book Number | 0-603-55368-0 |
| 050 ## - LIBRARY OF CONGRESS CALL NUMBER | |
| Classification number | M 398.2 |
| Item number | R47 1994 |
| 100 ## - MAIN ENTRY--PERSONAL NAME | |
| Personal name | James Riordan |
| 245 ## - TITLE STATEMENT | |
| Title | Fairy tales. / |
| Statement of responsibility, etc | retold by James Riordan. |
| 260 ## - PUBLICATION, DISTRIBUTION, ETC. (IMPRINT) | |
| Place of publication, distribution, etc | London : |
| Name of publisher, distributor, etc | Dean, |
| Date of publication, distribution, etc | 1987. |
| 300 ## - PHYSICAL DESCRIPTION | |
| Extent | 94 p. ; cm. |
| Withdrawn status | Lost status | Damaged status | Home library | Current library | Shelving location | Date acquired | Source of acquisition | Total Checkouts | Full call number | Barcode | Date last seen | Price effective from | Koha item type |
|---|---|---|---|---|---|---|---|---|---|---|---|---|---|
| Munich Library | Munich Library | Main Section | 09/27/2005 | M 398.2 R47 1994 | M0273 | 04/14/2014 | 04/14/2014 | Books |